000 00371nam a2200157 4500
001 45146
090 _a45146
100 _a20251114 pory50
101 _apor
102 _aPT
200 _aGuia da Biodiversidade de Oeiras
_fDiogo Oliveira
210 _aOeiras
_cMunicĂ­pio de Oeiras
_d2025
215 _a447 p.
_cil.
675 _a57.081
801 _aPT
_gRPC
990 _cLIVROS